000 00649cab a2200241 4500
001 WB2915-69
008 090401t1993 xxu||||| |||| 00| 0 eng d
035 _a(Sirsi) u6284
041 _aeng
245 _aValuation and sale price records
260 _c1993
350 _a0
490 _aCSW - The Property Week
_v43(3) 15 April 1993, 5(1)
520 _aA priority of the RICS research sub-committee is a valuation and sale price database.
650 _aDATABASES
650 _aRESEARCH
650 _aRICS
650 _aSALE PRICES
650 _aValuation
_96273
690 _aRATING AND VALUATION
942 _n0
948 _c04/03/1997
999 _c3781
_d3781